000
00261nam a2200109 a 4500
008
111206s1989|||| d
100
1
_a
VIŠŇOVSKÝ,PETER
245
1
0
_a
Človek v bludnom kruhu
020
_c
6
260
_b
Osveta
_a
Martin
_c
1989
044
_a
xo
_c
SK
999
_c
18346
_d
18346